Ликови из серије Сунђер Боб Коцкалоне - Statistics

General Stats
  • This quiz has been taken 214 times
  • The average score is 12 of 18
Answer Stats
Опис Лик % Correct
Сунђер Бобов најбољи пријатељ Патрик Звезда
100%
Сунђер Бобов шеф Евгеније Краба
98%
Мрзовољни комшија Лигњослав Пипак
97%
Пуж љубимац Гари
97%
Власник Кофе с помијама Планктон
93%
Веверица из Тексаса Сенди Обрашчић
90%
Власница возачке школе Госпођа Пуфна
86%
Његова компјутерска жена Карен
75%
Његова ћерка Бисерка
72%
Његов помоћник Шкољкабој
69%
Остарели суперхерој Тритон
63%
Спасилац у Блатној лагуни Лари Јастог
60%
Гусар-дух Уклети Холанђанин
60%
Његов богати ривал Лигњорад Снобић
35%
Негативци против којих се боре Човек Ража
35%
Негативци против којих се боре Прљави Мјехур
33%
Гусар / председник клуба обожавалаца Гусар Закрпа
19%
Његов папагај љубимац Лончић
15%
No matching quizzes found
Score Distribution
Percent of People with Each Score
Percentile by Number Answered
Your Score History
You have not taken this quiz